MARC

LEADER 00000nam a2200000 a 4500
001 UCJ4564
003 CL-VaPUC
005 20250331122316.0
008 070124e18760000CL |||||||||||||||||spa|d
999 |c 320680  |d 320678 
040 |c Pontificia Universidad Católica de Valparaíso 
082 0 4 |a 983  |b VIC  |2 21 
100 |a Vicuña Mackenna, Benjamín,  |d 1831-1886  |e author  |9 374 
245 1 0 |a Chile. Relaciones históricas: Colección de artículos i tradiciones sobre asuntos nacionales, Segunda serie 
246 1 4 |a Los hogares i las calles de Santiago 
246 1 4 |a Los caracteres de la Independencia 
246 1 3 |a La matanza de San Luis 
246 1 4 |a Los precursores del mar 
246 1 3 |a El barrio de los Presidentes 
246 1 3 |a La conspiración del tabaco en Santiago, o sea, los autos sobre el esceso de haberse puesto en Santiago carteles clandestinamente, pidiendo la destrucción del Real estanco del tabaco, i amenazando con sedición si no se efectuase. Año de 1766 
246 1 4 |a Los jirondinos chilenos 
246 1 4 |a Los pañales de la Marina Nacional 
246 1 3 |a El primer escultor chileno 
246 1 3 |a El coronel don Lorenzo Barcala: El héroe negro 
246 1 3 |a La Inglaterra chica i la Inglaterra grande 
246 1 0 |a San Martín en marcha al Perú 
246 1 3 |a El crimen de Curicó i su proceso ante la historia 
246 1 0 |a Juan María Gutiérrez 
250 |a 1a. ed 
260 |a Santiago  |b Rafael Jover  |c 1876 
300 |a 1008 p 
500 |a Catorce monografías sobre temas diversos empastadas en un vol. rotulado Chile: Relaciones históricas, II serie. Benelli 118 a 131 
583 |a last modification  |c 20070124 00:00:00  |k Rodrigo Vera 
600 0 |a Carrera, José Miguel  |9 316043 
600 0 7 |a CARRERA, JUAN JOSE  |2 CL-VaPUC  |9 505192 
600 0 |a Mackenna O'Reilly, Juan,  |d 1771-1814  |9 516760 
600 0 7 |a ZENTENO, JOSE IGNACIO  |2 CL-VaPUC  |9 444687 
600 0 7 |a CRUZ, LUIS DE LA  |2 CL-VaPUC  |9 508536 
600 0 7 |a CRUZ, JOSE MARIA DE LA  |2 CL-VaPUC  |9 508537 
600 0 |a Calderón, Francisco  |9 508538 
600 0 |a Pinto Díaz, Francisco Antonio,  |c Presidente de Chile  |d 1785-1858  |9 897758 
600 0 7 |a RIVERA, JUAN DE DIOS  |2 CL-VaPUC  |9 508539 
600 0 7 |a ALDUNATE, JOSE SANTIAGO  |2 CL-VaPUC  |9 508540 
600 0 |a Blanco Encalada, Manuel  |9 442306 
600 0 7 |a BENAVENTE, JOSE MARIA  |2 CL-VaPUC  |9 505198 
600 0 |a Monteagudo, Bernardo,  |d 1789-1825  |9 508541 
600 0 |a Irisarri, Antonio José de  |d 1786-1868  |9 444606 
600 0 7 |a WHEELWRIGHT, GUILLERMO  |2 CL-VaPUC  |9 315178 
600 0 7 |a ZAÑARTU, LUIS DE  |2 CL-VaPUC  |9 508542 
600 0 7 |a MONVOISIN, RAIMUNDO  |2 CL-VaPUC  |9 508543 
600 0 7 |a ANDIA Y VARELA, IGNACIO  |2 CL-VaPUC  |9 508544 
600 0 7 |a BARCALA, LORENZO  |2 CL-VaPUC  |9 508545 
600 0 7 |a SAN MARTIN, JOSE DE  |2 CL-VaPUC  |9 508546 
600 0 7 |a VALENZUELA, FRANCISCO  |2 CL-VaPUC  |9 508547 
600 0 7 |a BARROS, MANUEL  |2 CL-VaPUC  |9 508548 
600 0 7 |a ARRIAGADA, MANUEL JOSE DE LA  |2 CL-VaPUC  |9 508549 
650 0 |a Historia urbana  |9 265140 
650 7 |a CALLES Y PASEOS  |2 CL-VaPUC  |9 329702 
650 0 |a Biografías  |9 255210 
650 0 |a Guerra de la independencia   |9 331979 
650 0 |a Costumbres y tradiciones   |9 268292 
650 0 |a Historia naval  |9 268284 
650 7 |a TOPONIMIA  |2 CL-VaPUC  |9 508550 
650 7 |a DOCUMENTOS HISTORICOS  |2 CL-VaPUC  |9 438868 
650 0 |a Fuentes Históricas  |9 265141 
651 7 |a CURICO  |2 CL-VaPUC  |9 265149 
651 7 |a SAN LUIS  |2 CL-VaPUC  |9 505603 
651 0 |a Santiago  |9 265444 
651 0 |a Perú  |9 256567 
651 0 |a Valparaíso, Chile  |9 261144 
942 |c BK  |2 ddc 
945 |d 20070124 00:00:00  |a rinostro 
952 |0 0  |1 0  |4 0  |6 983_000000000000000_VIC_1876  |7 0  |8 X  |9 399246  |a FDOBUD  |b FDOBUD  |d 2019-11-22  |i 1021281  |o 983 VIC 1876  |p 1021281  |r 2019-11-22  |w 2019-11-22  |y BK_X  |k BUD